1572 1544 1003 1843 1436 1018 1120 1495 1470 1605 1153 1864 1935 1739 1726 1358 1338 1489 1358 1226 1285 1756 1226 1933 1487 1217 1029 1521 1202 1953 1234 1226 1213 1915 1046 1366 1386 1738 1374 1308 1208 1501 1608 1201 1282 1739 1464 1088 1681 1249 1144 1058 1738 1142 1466 1974 1978 1913 1496 1397 1268 1295 1101 1410 1388 1508 1274 1062 1363 1124 1657 1504 1572 1220 1530 1847 1753 1530 1527 1635 1599 1447 1710 1885 1716 1902 1107 1006 1823 1747 1844 1150 1737 1451 1621 1178 1229 1091 1135 BCNSPRNW ULIB Ver.6.0+V

เปลี่ยนเป็นภาษาไทย

Change to English
 แสดงรายละเอียดบรรณานุกรม
  กลับหน้าหลัก

Brief Record : Get Marc (ISO 2709) : E-mail record : QR code < ปิดหน้าต่าง
LEADER : 00000nam 2200000uu 4500
001    13399127091
003     ULIB
008    191010s2560||||th 000 0 tha d
020    ^a9786162321764
060    ^aWS103^bฌ-ด
100    ^aเฌอ
245    ^aดินชุ่มใจชื่น นิทานคำสอนของพ่อ (หลวง) ชุดที่ 2 เล่ม 4 (สองภาษา ไทย-อังกฤษ)
250    ^aพิมพ์ครั้งที่ 1
260    ^aกรุงเทพฯ :^bบริษัท บีเวล พับลิชชิ่ง จำกัด,^c2560
300    ^a12 หน้า;^b19 ซม.
650    ^aเด็ก^xการเรียนการสอน
945    ^p35^l0^i006279
999    ^aประนอม เกษจรัล
รายการนี้ยังไม่มีแท็ก
คุณยังไม่ได้ล็อกอิน คุณสามารถมีกิจกรรมร่วมกับเว็บไซต์ได้ แต่ต้องล็อกอินก่อน ::
  ล็อกอิน

รายการสื่อสารสนเทศ

ลำดับที่ ประเภท เลขเรียก/บาร์โค้ด สถานที่ สถานะ
1. วิทยาศาสตร์การแพทย์ และสุขภาพ
วิทยาศาสตร์การแพทย์ และสุขภาพ
WS103 ฌ-ด ฉ.1 
  Barcode: 006279
ห้องสมุดวิทยาเขตสวรรค์ประชารักษ์
►หนังสือทั่วไป
บนชั้น

รายการใกล้เคียง
    ผู้แต่ง [เฌอ]

BibComment


ยังไม่เคยถูกคอมเมนท์

คอมเมนท์ทรัพยากรรายการนี้
  คอมเมนท์: ดินชุ่มใจชื่น นิ..


 Copyright 2026. Bcnsprnw @Library